000 00273nam a2200109Ia 4500
008 201223s9999 xx 000 0 und d
100 _aMaps & Agencies
245 0 _aOne for the road : A Road Atlas of India
260 _aMadras
_bMaps & Agencies
300 _a74
942 _cBK
999 _c8250
_d8250